| 000 | 00486nam a2200157Ia 4500 | ||
|---|---|---|---|
| 008 | 210716s2012 xx 000 0 und d | ||
| 020 | _a9788178299204 | ||
| 041 | _aeng | ||
| 082 | _a658.322 GERB | ||
| 100 | _aGerhart, Barry;Rynes, Sara L. | ||
| 245 |
_aCompensation: theory evidence and strategic implications. _bTheory evidence and strategic implications. |
||
| 250 | _a1 | ||
| 260 |
_aNew Delhi _bSage Publications _c2012 |
||
| 300 | _aix,310 | ||
| 650 | _aCompensation & Benefits | ||
| 999 |
_c207888 _d207888 |
||